|
|
|
|
| LEADER |
01268pam a22003738a 4500 |
| 001 |
00034920 |
| 005 |
20171026081023.0 |
| 008 |
161104s2015 ||||||Viesd |
| 020 |
# |
# |
|c 47000
|a 978 604 57 1801 8
|
| 041 |
0 |
# |
|a Vie
|
| 082 |
1 |
4 |
|a 398.41
|b T311NG
|
| 245 |
1 |
0 |
|a Tín ngưỡng thờ cúng tổ tiên ở một số quốc gia trên thế giới và Việt Nam
|c Lương Thị Thoa; Đinh Văn Nghĩa...[Và những Người khác]
|b Sách tham khảo
|
| 260 |
# |
# |
|a Hà Nội
|b Chính trị Quốc gia- Sự thật
|c 2015
|
| 300 |
# |
# |
|a 212 tr.
|c 21 cm.
|
| 653 |
# |
# |
|a Thờ cúng tổ tiên
|
| 653 |
# |
# |
|a Thế giới
|
| 653 |
# |
# |
|a Tín ngưỡng dân gian
|
| 653 |
# |
# |
|a Việt Nam
|
| 700 |
1 |
# |
|a Lương, Thị Thoa
|
| 700 |
1 |
# |
|a Nguyễn, Thị Kiều Trang
|
| 700 |
1 |
# |
|a Trần, Nam Trung
|
| 700 |
1 |
# |
|a Đinh, Văn Nghĩa
|
| 852 |
# |
# |
|b Kho mượn
|j KM.0019931
|
| 852 |
# |
# |
|b Kho đọc
|j KD.0018749
|
| 852 |
# |
# |
|j KD.0018749
|j KM.0023323
|j KM.0023324
|j KM.0019931
|
| 910 |
|
|
|d 04/11/2016
|
| 980 |
# |
# |
|a Trung tâm Học liệu Lê Vũ Hùng, Trường Đại học Đồng Tháp
|